Juan Uslé (Record no. 13278)
[ view plain ]
| 000 - LÍDER | |
|---|---|
| campo de control de longitud fija | 01347nam a2200265Ia 4500 |
| 008 - ELEMENTOS DE DATOS DE LONGITUD FIJA - INFORMACIÓN GENERAL | |
| campo de control de longitud fija | 0000002009 sp ad 0000000000mul00 |
| 090 ## - NÚMERO DE LLAMADA DE TIPO LC LOCALMENTE ASIGNADO (OCLC) | |
| Número de clasificación (OCLC) (R) | PSP00 P14j |
| 100 1# - ENTRADA PRINCIPAL - NOMBRE PERSONAL | |
| Nombre de la persona | Pagel, David |
| 245 13 - TÍTULO DECLARACIÓN | |
| Título | Juan Uslé |
| Resto del título | : malatadas |
| Declaración de responsabilidad | / texto de David Pagel traducción Elena Escrihuela ; fotografías Oronoz, Juan Uslé |
| 260 ## - PUBLICACIÓN, DISTRIBUCIÓN | |
| Lugar de publicación | Madrid : Galería Soledad Lorenzo |
| Fecha de publicación | 2009 |
| 300 ## - DESCRIPCIÓN FÍSICA | |
| Alcance | 47 p. |
| Dimensiones | / 28 cm. |
| 500 ## - NOTA GENERAL | |
| Nota general | Exposición realizada en Galería Soledad Lorenzo, Madrid, abril 23 junio 11, 2009 \ Incluye cronología del artista \ Texto bilingue: español inglés |
| 501 ## - Con nota | |
| Con nota | Dando color en las líneas = Coloring in the lines / David Pagel |
| 505 ## - NOTA DE CONTENIDO FORMATEADA | |
| Nota sobre el contenido formateado | OBRAS : Rubicón Light years apart En medio del ruido Espía de palabras Derrame en pliegues Las navajas Perdida en Bogotá Sinuoso Niño negro El gran patinador Caperucita escondida Malatadas Bonjour monseur Nemo Cuidado que nos miran Roomates El granuja Cortavientos |
| 600 00 - ENTRADA DE SUJETO AÑADIDO - NOMBRE PERSONAL | |
| Nombre de la persona | USLE, JUAN, 1954/ |
| Subdivisión general | TRABAJOS PICTORICOS |
| 650 14 - ENTRADA DE SUJETO AÑADIDO - TÉRMINO TÓPICO | |
| Término tópico o elemento de entrada del nombre geográfico | ARTE CONTEMPORANEO ESPAÑOL |
| 650 14 - ENTRADA DE SUJETO AÑADIDO - TÉRMINO TÓPICO | |
| Término tópico o elemento de entrada del nombre geográfico | ARTISTAS PLASTICOS ESPAÑOLES EXPOSIONES |
| 650 14 - ENTRADA DE SUJETO AÑADIDO - TÉRMINO TÓPICO | |
| Subdivisión general | CATALOGOS |
| 650 14 - ENTRADA DE SUJETO AÑADIDO - TÉRMINO TÓPICO | |
| Término tópico o elemento de entrada del nombre geográfico | COLOR EN EL ARTE |
| 650 14 - ENTRADA DE SUJETO AÑADIDO - TÉRMINO TÓPICO | |
| Subdivisión general | EXPOSICIONES |
| 650 14 - ENTRADA DE SUJETO AÑADIDO - TÉRMINO TÓPICO | |
| Término tópico o elemento de entrada del nombre geográfico | PINTORES ESPAÑOLES |
| 650 14 - ENTRADA DE SUJETO AÑADIDO - TÉRMINO TÓPICO | |
| Término tópico o elemento de entrada del nombre geográfico | PINTURA ABSTRACTA |
| 650 14 - ENTRADA DE SUJETO AÑADIDO - TÉRMINO TÓPICO | |
| Término tópico o elemento de entrada del nombre geográfico | PINTURA ESPAÑOLA |
| 700 1# - ENTRADA AGREGADA - NOMBRE PERSONAL | |
| Nombre de la persona | Escrihuela, Elena \ Oronos |
| Estado de retirada | Pérdida de estatus | Estado dañado | No para préstamo | Código de recogida | Ubicación permanente | Ubicación actual | Ubicación de las estanterías | Fecha de adquisición | Número de llamada completo | Código de barras | Fecha de la última vez que se vio | Número de copia | Precio efectivo desde | Tipo de artículo Koha |
|---|---|---|---|---|---|---|---|---|---|---|---|---|---|---|
| General | ArtNexus | ArtNexus | General | 06/09/2022 | P-SP-00 P14J | 13443 | 06/09/2022 | Ej.1 | 06/09/2022 | Libro |